000 00298nam a22001217a 4500
008 171002b xxu||||| |||| 00| 0 eng d
041 _aeng
080 _a159.9
100 _a48
101 _aPSI
245 _aCEREBRAL ANGIGORAPHY IN THE MANAGEMENT OF HEAD TRAUMA
_cCARTON, CH.A
942 _2udc
_cBK
999 _c31237
_d31237